Managing engineering and technology (Record no. 182151)

MARC details
000 -LEADER
fixed length control field 00407nam a2200157Ia 4500
005 - DATE AND TIME OF LATEST TRANSACTION
control field 20250415134956.0
008 - FIXED-LENGTH DATA ELEMENTS--GENERAL INFORMATION
fixed length control field 231217s9999 xx 000 0 und d
020 ## - INTERNATIONAL STANDARD BOOK NUMBER
International Standard Book Number 9788131721674
082 ## - DEWEY DECIMAL CLASSIFICATION NUMBER
Classification number 658.5 MOR;1 R
100 ## - MAIN ENTRY--PERSONAL NAME
Personal name Morse, Lucy C. Babcock, Daniel L.
245 #0 - TITLE STATEMENT
Title Managing engineering and technology
250 ## - EDITION STATEMENT
Edition statement 4th ed.
260 ## - PUBLICATION, DISTRIBUTION, ETC. (IMPRINT)
Date of publication, distribution, etc. 2007
Name of publisher, distributor, etc. Pearson
Place of publication, distribution, etc. New Delhi
300 ## - PHYSICAL DESCRIPTION
Extent 494
942 ## - ADDED ENTRY ELEMENTS (KOHA)
Koha item type Books
Holdings
Date last seen Total Checkouts Full call number Accession number Old discount Uniform Resource Identifier Cost, replacement price Price effective from Category Lost status Damaged status Department Withdrawn status bill no. bill date Permanent Location Current Location Shelving location Entry date Vendor Cost, normal purchase price Grants Currency symbol Conversion rate Discount Discount type
26/01/2024   658.5 MOR;1 R 52406 25 digital/contents/52406.pdf 213.75 26/01/2024 Books     Central Library   2008/INV/000094 11/04/2012 Central Library Central Library Central Library 27/01/2009 Sai Books 285.00 TC RS 1 71.25 Rupees
26/01/2024   658.5 MOR;2 52407 25 digital/contents/52406.pdf 213.75 26/01/2024 Books     Central Library   2008/INV/000094 03/04/2012 Central Library Central Library Central Library 27/01/2009 Sai Books 285.00 TC RS 1 71.25 Rupees
26/01/2024   658.5 MOR;3 52408 25 digital/contents/52406.pdf 213.75 26/01/2024 Books     Central Library   2008/INV/000094 29/03/2012 Central Library Central Library Central Library 27/01/2009 Sai Books 285.00 TC RS 1 71.25 Rupees
26/01/2024   658.5 MOR;4 52409 25 digital/contents/52406.pdf 213.75 26/01/2024 Books     Central Library   2008/INV/000094 11/04/2012 Central Library Central Library Central Library 27/01/2009 Sai Books 285.00 TC RS 1 71.25 Rupees

© For any Suggestions or Query, please contact the library staff @ librarian@pes.edu or Phone: +9180 2672 1983/ 2108.